Théorie métamathématique des idéaux /

Guardado en:
Autor Principal: Robinson, Abraham, 1918-1974.
Formato: Libro
Idioma:French
Publicado: Paris : Gauthier-Villars, 1955.
Series:Collection de logique mathématique, sér. A ; 8
Etiquetas: Agregar Etiqueta
Sin Etiquetas, Sea el primero en etiquetar este registro!
LEADER 00556nam a22001695a 4500
001 MAT.inmabb001540
008 031124s1955####fr############000#0#fre#d
005 20170818170950.0
245 1 0 |a Théorie métamathématique des idéaux /  |c par Abraham Robinson. 
260 |a Paris :  |b Gauthier-Villars,  |c 1955. 
300 |a 186 p. ;  |c 25 cm. 
440 0 |a Collection de logique mathématique, sér. A ;  |v 8 
510 4 |a MR,  |c MR0069781 
100 1 |a Robinson, Abraham,  |d 1918-1974. 
084 |a 03-XX  |2 msc2000 
010 |a  55007733  
859 |h 03  |i R658t  |p A-1911  |b BIB. MATEMATICA